Geography Quiz

Random Geography or City Quiz

US Cities Starting With... Quiz Stats

 Plays Quiz Updated Oct 13, 2016

Challenge
Share
Tweet
Embed
Score 0/30 Timer 06:00
4 Plays Today
answer % Correct
New York, NY
94.4%
St. Louis, MO
77.8%
Fort Worth, TX
65.8%
Portland, OR
58.7%
Portland, ME
58.7%
St. Paul, MN
52.1%
Green Bay, WI
49.7%
Santa Ana, CA
48.6%
Santa Clara, CA
41.7%
Fort Wayne, IN
41.7%
Greenville, NC
40.2%
Greenville, SC
40.2%
Greensboro, NC
35.4%
Fort Lauderdale, FL
33.2%
New Orleans, LA
32.7%
answer % Correct
Santa Monica, CA
28.5%
New Haven, CT
27.6%
Newark, NJ
27.2%
St. Petersburg, FL
25.5%
Fort Collins, CO
21.8%
Portsmouth, VA
20.2%
Santa Rosa, CA
15.5%
Port St. Lucie, FL
15%
Fort Smith, AR
11.1%
Port Arthur, TX
10.8%
Santa Clarita, CA
10.6%
Newport News, VA
9.3%
St. Joseph, MO
7.4%
St. George, UT
4.6%
Greenwood, IN
3.8%

You're not logged in!

Compare scores with friends on all Sporcle quizzes.
Join for Free
OR
Log In

You Might Also Like...

Show Comments

Extras

Top Quizzes Today


Score Distribution

Your Account Isn't Verified!

In order to create a playlist on Sporcle, you need to verify the email address you used during registration. Go to your Sporcle Settings to finish the process.

Report this User

Report this user for behavior that violates our Community Guidelines.

Details: